书目信息 |
| 题名: |
建筑速写与设计表达
|
|
| 作者: | 汪帆 著 | |
| 分册: | ||
| 出版信息: | 武汉 华中科技大学出版社 2016.9 |
|
| 页数: | 104页 | |
| 开本: | 29cm | |
| 丛书名: | ||
| 单 册: | ||
| 中图分类: | TU204.111 | |
| 科图分类: | ||
| 主题词: | 建筑艺术--速写技法 | |
| 电子资源: | ||
| ISBN: | 978-7-5680-2095-4 | |
| 000 | 00876nam0 2200229 450 | |
| 001 | 0400004285 | |
| 005 | 20171023170219.0 | |
| 010 | @a978-7-5680-2095-4@dCNY39.00 | |
| 100 | @a20161019d2016 em y0chiy50 ea | |
| 101 | 0 | @achi |
| 102 | @aCN@b420000 | |
| 105 | @aa z 000yy | |
| 106 | @ar | |
| 200 | 1 | @a建筑速写与设计表达@9jian zhu su xie yu she ji biao da@f汪帆著 |
| 210 | @a武汉@c华中科技大学出版社@d2016.9 | |
| 215 | @a104页@c图,照片@d29cm | |
| 330 | @a本书适应时代的需要,内容由浅入深、循序渐进,从建筑速写的基础知识和工具入手,涵盖村落速写、民居速写、街巷速写、宅院速写、树木速写、山水环境速写、家居陈设速写。本书结合详细的步骤图例和过程讲解,使读者能够循序渐进的看见一张速写的完整的表现过程。 | |
| 606 | 0 | @a建筑艺术@x速写技法 |
| 690 | @aTU204.111@v5 | |
| 701 | 0 | @a汪帆@9wang fan@4著 |
| 801 | 0 | @aCN@b91MARC@c20171023 |
| 905 | @b1037510-4@dTU204.111@f5@e1298 | |
| 建筑速写与设计表达/汪帆著.-武汉:华中科技大学出版社,2016.9 |
| 104页:图,照片;29cm |
| ISBN 978-7-5680-2095-4:CNY39.00 |
| 本书适应时代的需要,内容由浅入深、循序渐进,从建筑速写的基础知识和工具入手,涵盖村落速写、民居速写、街巷速写、宅院速写、树木速写、山水环境速写、家居陈设速写。本书结合详细的步骤图例和过程讲解,使读者能够循序渐进的看见一张速写的完整的表现过程。 |
| ● |
| 相关链接 |
|
|
|
|
正题名:建筑速写与设计表达
索取号:TU204.111/1298
 
预约/预借
| 序号 | 登录号 | 条形码 | 馆藏地/架位号 | 状态 | 备注 |
| 1 | 1037510 | 210375100 | 第二样本阅览室/ [索取号:TU204.111/1298] | 在馆 | |
| 2 | 1037511 | 210375119 | 密集书库-生命科学系/ [索取号:TU204.111/1298] | 在馆 | |
| 3 | 1037512 | 210375128 | 第三借阅区/ [索取号:TU204.111/1298] | 在馆 | |
| 4 | 1037513 | 210375137 | 第三借阅区/ [索取号:TU204.111/1298] | 在馆 | |
| 5 | 1037514 | 210375146 | 第三借阅区/ [索取号:TU204.111/1298] | 在馆 |